[Event "I Taça Litoral"]
[Site "S Martinho Porto POR"]
[Date "2018.09.21"]
[Round "8.2"]
[White "Pitschka, Claus"]
[Black "Grigore, George-Gabriel"]
[Result "0-1"]
[WhiteElo "2262"]
[BlackElo "2486"]
[WhiteFideId "4617762"]
[BlackFideId "1200186"]
[WhiteTitle "FM"]
[BlackTitle "GM"]
[WhiteCountry "GER"]
[BlackCountry "ROU"]
[PlyCount "64"]

1. d4 Nf6 2. Bf4 g6 3. Nc3 d5 4. e3 Bg7 5. h4 c6 6. Be2 h5 7. Nf3 Ng4 8. Ne5
Nxe5 9. Bxe5 Bxe5 10. dxe5 Bf5 11. Bd3 Nd7 12. f4 Qb6 13. Qd2 Nc5 14. O-O-O
O-O-O 15. Be2 f6 16. exf6 exf6 17. Bf3 Rhe8 18. Qd4 Ne6 19. Qxb6 axb6 20. Rde1
Nc5 21. Rhg1 Re6 22. g4 hxg4 23. Bxg4 Bxg4 24. Rxg4 d4 25. Nd1 f5 26. Rgg1 Rde8
27. Kd2 Ne4+ 28. Kd3 dxe3 29. Rxe3 Rd8+ 30. Kc4 b5+ 31. Kb4 Rd4+ 32. Ka3 b4+ 0-1

[Event "I Taça Litoral"]
[Site "S Martinho Porto POR"]
[Date "2018.09.21"]
[Round "8.3"]
[White "van Riemsdijk, Herman"]
[Black "Sharma, Dinesh K"]
[Result "0-1"]
[WhiteElo "2270"]
[BlackElo "2276"]
[WhiteFideId "2100053"]
[BlackFideId "5004110"]
[WhiteTitle "IM"]
[BlackTitle "IM"]
[WhiteCountry "BRA"]
[BlackCountry "IND"]
[PlyCount "58"]

1. e4 e5 2. Nf3 Nc6 3. Bb5 a6 4. Ba4 Nf6 5. O-O Be7 6. Re1 b5 7. Bb3 d6 8. c3
O-O 9. d4 Bg4 10. Be3 Bh5 11. h3 exd4 12. cxd4 Na5 13. Bc2 Nc4 14. Bc1 d5 15. e5
Ne4 16. b3 Nb6 17. Bb2 Bb4 18. Re3 f5 19. a3 Be7 20. Qf1 Rc8 21. Bd1 Qe8 22.
Nbd2 c5 23. dxc5 Bxc5 24. Nxe4 dxe4 25. Nd4 Qxe5 26. Bxh5 Bxd4 27. Bxd4 Qxd4 28.
Rd1 Qe5 29. Qe2 Nd5 0-1

[Event "I Taça Litoral"]
[Site "S Martinho Porto POR"]
[Date "2018.09.21"]
[Round "8.4"]
[White "Grüttner, Ralf"]
[Black "Schmitz, Manuela"]
[Result "1/2-1/2"]
[WhiteElo "2133"]
[BlackElo "1931"]
[WhiteFideId "4638158"]
[BlackFideId "4626001"]
[BlackTitle "WFM"]
[WhiteCountry "GER"]
[BlackCountry "GER"]
[PlyCount "93"]

1. e4 e6 2. d4 d5 3. Nd2 Nf6 4. e5 Nfd7 5. Bd3 c5 6. c3 Nc6 7. Ngf3 cxd4 8. cxd4
g6 9. O-O Bg7 10. h4 Qb6 11. Nb3 a5 12. a4 Nb4 13. Bb1 Qc7 14. Re1 b6 15. Bd2
Bf8 16. Nc1 Ba6 17. Ng5 Nb8 18. Qf3 Qe7 19. Nd3 N8c6 20. Nxb4 axb4 21. Qg4 O-O-O
22. Re3 Rd7 23. Bd3 Bxd3 24. Rxd3 h6 25. Nf3 Kb7 26. Rc1 Bg7 27. Qf4 Rc8 28. Qe3
Rdc7 29. Qe1 Bf8 30. Be3 Na5 31. Rxc7+ Rxc7 32. Rd1 Qd7 33. Rc1 Nb3 34. Rxc7+
Qxc7 35. Nd2 Nxd2 36. Qxd2 h5 37. b3 Be7 38. g3 Qd7 39. Qd3 Bf8 40. Qb5 Qxb5 41.
axb5 Kc7 42. Kg2 Kd7 43. Kf3 Bg7 44. Bg5 Bf8 45. g4 Bg7 46. gxh5 gxh5 47. Kf4
1/2-1/2

[Event "I Taça Litoral"]
[Site "S Martinho Porto POR"]
[Date "2018.09.21"]
[Round "8.5"]
[White "Hart, Alexander"]
[Black "Lochte, Thomas"]
[Result "0-1"]
[WhiteElo "1901"]
[BlackElo "2071"]
[WhiteFideId "1735829"]
[BlackFideId "4606272"]
[WhiteCountry "SWE"]
[BlackCountry "GER"]
[PlyCount "52"]

1. b3 e5 2. Bb2 Nc6 3. e3 Nf6 4. f4 exf4 5. exf4 d5 6. Nf3 Bd6 7. Qe2+ Qe7 8.
Qxe7+ Kxe7 9. g3 Re8 10. Nc3 Kf8+ 11. Kf2 Bc5+ 12. Kg2 Bf5 13. Nb5 Bb6 14. Bxf6
gxf6 15. c3 a6 16. Na3 d4 17. Nc4 dxc3 18. dxc3 Ba7 19. a4 b5 20. Ncd2 b4 21.
Rc1 bxc3 22. Rxc3 Nb4 23. Rxc7 Nd5 24. Rc1 Ne3+ 25. Kg1 Nxf1+ 26. Kxf1 Bh3# 0-1

[Event "I Taça Litoral"]
[Site "S Martinho Porto POR"]
[Date "2018.09.21"]
[Round "8.6"]
[White "Schmitz, Andreas"]
[Black "Selkirk, Rebecca"]
[Result "1-0"]
[WhiteElo "2008"]
[BlackElo "1733"]
[WhiteFideId "4609875"]
[BlackFideId "14306514"]
[WhiteTitle "CM"]
[WhiteCountry "GER"]
[BlackCountry "RSA"]
[PlyCount "79"]

1. e4 c6 2. Nc3 d5 3. Qf3 dxe4 4. Nxe4 Nd7 5. d4 Ndf6 6. c3 Nxe4 7. Qxe4 Nf6 8.
Qc2 Qd5 9. Nf3 Bg4 10. Ne5 e6 11. f3 Bf5 12. Qb3 Qxb3 13. axb3 Nd7 14. Nc4 b5
15. Na5 Nb8 16. g4 Bg6 17. Bg2 Bd6 18. f4 Kd7 19. O-O Bc7 20. f5 exf5 21. gxf5
Bh5 22. Bf4 a6 23. f6 Bxf4 24. Rxf4 Rg8 25. fxg7 Rxg7 26. Rf6 Ra7 27. Re1 Rc7
28. b4 Bg4 29. Nb3 Bh3 30. Re2 Rc8 31. Rxf7+ Rxf7 32. Bxh3+ Kc7 33. Bxc8 Kxc8
34. Re8+ Kc7 35. Nc5 Nd7 36. Nxa6+ Kd6 37. Nc5 Nxc5 38. bxc5+ Kd5 39. b3 Rf3 40.
Re5# 1-0

[Event "I Taça Litoral"]
[Site "S Martinho Porto POR"]
[Date "2018.09.21"]
[Round "8.7"]
[White "Bous, Florian"]
[Black "Castanheira, António"]
[Result "1-0"]
[WhiteElo "2019"]
[BlackElo "1905"]
[WhiteFideId "4660412"]
[BlackFideId "1901788"]
[WhiteCountry "GER"]
[BlackCountry "POR"]
[PlyCount "79"]

1. d4 d5 2. c4 c6 3. Nf3 Nf6 4. Nc3 dxc4 5. a4 Bf5 6. Ne5 e6 7. f3 Bb4 8. e4 Bg6
9. Bxc4 Nbd7 10. Nd3 Be7 11. a5 b5 12. Bb3 O-O 13. O-O a6 14. Be3 Rc8 15. Nf4 e5
16. Nxg6 hxg6 17. d5 Bc5 18. Qd2 Nh5 19. dxc6 Qg5 20. Rae1 Qxe3+ 21. Qxe3 Bxe3+
22. Rxe3 Rxc6 23. Nd5 Re8 24. Nb4 Rd6 25. Rc3 Nf4 26. Rc7 Ne6 27. Ra7 Ndc5 28.
Bd5 Red8 29. Nc6 Rxc6 30. Bxc6 Rd2 31. g3 Rxb2 32. Be8 Nd4 33. Bxf7+ Kh7 34. Rf2
Rb1+ 35. Kg2 Nd3 36. Rxa6 Ne1+ 37. Kh3 Nexf3 38. Kg4 g5 39. Rxf3 Nxf3 40. Bg6+
1-0

[Event "I Taça Litoral"]
[Site "S Martinho Porto POR"]
[Date "2018.09.21"]
[Round "8.8"]
[White "Morais, Vítor"]
[Black "Sismeiro, Miguel"]
[Result "1/2-1/2"]
[WhiteElo "1893"]
[BlackElo "2014"]
[WhiteFideId "1900552"]
[BlackFideId "1950975"]
[WhiteTitle "NM"]
[WhiteCountry "POR"]
[BlackCountry "POR"]
[PlyCount "108"]

1. Nf3 d5 2. c4 e6 3. g3 Nf6 4. Bg2 Be7 5. O-O O-O 6. b3 d4 7. Bb2 c5 8. d3 Nc6
9. Nbd2 e5 10. Ne1 Bf5 11. Nc2 h6 12. a3 a5 13. Rb1 Re8 14. Ne4 Bd6 15. Nxf6+
Qxf6 16. e4 Be6 17. Bc1 g5 18. Bd2 Qg6 19. Qe2 Kh8 20. Rfe1 b6 21. Bf3 Ne7 22.
Bh5 Qg7 23. Bg4 Qg6 24. Bf3 Ng8 25. Bg2 Qf6 26. Rf1 Qg7 27. Kh1 f6 28. f4 Ra7
29. f5 Bf7 30. Bf3 Ne7 31. Rf2 Kh7 32. h4 Rh8 33. hxg5 hxg5 34. Rh2+ Kg8 35.
Rxh8+ Qxh8+ 36. Kg2 Kf8 37. Rh1 Qg7 38. Bh5 Ng8 39. Bg4 Be8 40. a4 Bf7 41. Qf3
Rd7 42. Ne1 Be8 43. Qe2 Ke7 44. Nf3 Kd8 45. Nh2 Nh6 46. Bf3 Qg8 47. Ng4 Nxg4 48.
Bxg4 Rh7 49. Qe1 Qh8 50. Rxh7 Qxh7 51. Qh1 Qxh1+ 52. Kxh1 Ke7 53. Kh2 Kf8 54.
Kh3 Kg7 1/2-1/2

[Event "I Taça Litoral"]
[Site "S Martinho Porto POR"]
[Date "2018.09.21"]
[Round "8.9"]
[White "Simões, Miguel"]
[Black "February, Jesse"]
[Result "1-0"]
[WhiteElo "1805"]
[BlackElo "1933"]
[WhiteFideId "1946307"]
[BlackFideId "14312336"]
[BlackTitle "WIM"]
[WhiteCountry "POR"]
[BlackCountry "RSA"]
[PlyCount "91"]

1. e4 e6 2. d4 d5 3. Nd2 Nc6 4. Ngf3 Nf6 5. e5 Nd7 6. c3 f6 7. exf6 Qxf6 8. Bb5
a6 9. Bxc6 bxc6 10. O-O Bd6 11. c4 O-O 12. c5 Bf4 13. Nb3 e5 14. Bxf4 Qxf4 15.
dxe5 Nxe5 16. Nxe5 Qxe5 17. Qd4 Qg5 18. f4 Qg6 19. Rf3 Rf6 20. Re1 Qf7 21. Rfe3
Be6 22. Qe5 Rf8 23. g3 Bh3 24. Qe8 g5 25. Qxf7+ R8xf7 26. g4 Bxg4 27. fxg5 Rf2
28. Rg3 Be2 29. Nd4 Bb5 30. Re8+ Kg7 31. Ne6+ Kg6 32. Rg8+ Kh5 33. g6 Rf1+ 34.
Kg2 R7f2+ 35. Kh3 Rh1 36. Nf4+ Rxf4 37. Kg2 Rd1 38. Rh3+ Kg5 39. gxh7+ Kf5 40.
Rf8+ Ke4 41. Rxf4+ Kxf4 42. Rh4+ Kg5 43. h8=Q Rd2+ 44. Kf3 Rd3+ 45. Kf2 Rd2+ 46.
Ke1 1-0

[Event "I Taça Litoral"]
[Site "S Martinho Porto POR"]
[Date "2018.09.21"]
[Round "8.10"]
[White "Schleime, Franz-Joseph"]
[Black "Fernandes, Ricardo Paulos"]
[Result "0-1"]
[WhiteElo "1696"]
[BlackElo "2160"]
[WhiteFideId "24641740"]
[BlackFideId "1943464"]
[WhiteCountry "GER"]
[BlackCountry "POR"]
[PlyCount "92"]

1. d4 Nf6 2. Nf3 g6 3. Nc3 Bg7 4. e4 d6 5. Be2 O-O 6. O-O c6 7. h3 Qc7 8. Bf4
Nh5 9. Bh2 e5 10. d5 c5 11. Nb5 Qe7 12. c4 Nf4 13. Qd2 a6 14. Nc3 g5 15. Rfe1
Bh6 16. Bxf4 gxf4 17. Qd3 Kh8 18. Nh2 Rg8 19. Bg4 Nd7 20. Kh1 Nf6 21. Bxc8 Raxc8
22. Rec1 Qd7 23. Ne2 Rb8 24. a4 Bf8 25. Qc3 Nxe4 26. Qf3 Ng5 27. Qc3 Bg7 28. Qc2
f5 29. Nf3 Bf6 30. Nxg5 Rxg5 31. Qc3 Qf7 32. Qf3 Rbg8 33. g3 Qh5 34. Qxh5 Rxh5
35. Kh2 f3 36. Nc3 Rg6 37. Rh1 Rxh3+ 38. Kg1 Rxh1+ 39. Kxh1 e4 40. Nd1 Bd4 41.
Ne3 Bxe3 42. fxe3 a5 43. Kh2 Kg7 44. Ra3 Rh6+ 45. Kg1 f2+ 46. Kxf2 Rh2+ 0-1

[Event "I Taça Litoral"]
[Site "S Martinho Porto POR"]
[Date "2018.09.21"]
[Round "8.11"]
[White "Lopez De Turiso, José Angel"]
[Black "Nielsen, Jørgen"]
[Result "1-0"]
[WhiteElo "1942"]
[BlackElo "1670"]
[WhiteFideId "2207680"]
[BlackFideId "1413279"]
[WhiteCountry "ESP"]
[BlackCountry "DEN"]
[PlyCount "67"]

1. Nc3 Nf6 2. e4 d5 3. e5 Ne4 4. Nce2 f6 5. d3 Nc5 6. d4 Na4 7. f4 Bg4 8. h3
Bxe2 9. Bxe2 Nb6 10. f5 e6 11. Bh5+ Kd7 12. fxe6+ Kc8 13. Bg4 Be7 14. exf6 gxf6
15. Nf3 Nc4 16. O-O Nd6 17. Nh4 Qg8 18. Nf5 Nxf5 19. Bxf5 b6 20. Qf3 Qd8 21. Bf4
Na6 22. c4 c6 23. Rfd1 Kb7 24. b3 Nc7 25. Bxc7 Kxc7 26. cxd5 cxd5 27. Rac1+ Kb7
28. Bd3 Qd6 29. Bb5 Rac8 30. Bd7 Rxc1 31. Rxc1 Rg8 32. Bc6+ Kb8 33. Bxd5 Rd8 34.
Ba8 1-0

[Event "I Taça Litoral"]
[Site "S Martinho Porto POR"]
[Date "2018.09.21"]
[Round "8.12"]
[White "Vonach, Bernard"]
[Black "Basílio, Rodrigo"]
[Result "1/2-1/2"]
[WhiteElo "1894"]
[BlackElo "1669"]
[WhiteFideId "4680243"]
[BlackFideId "1941380"]
[WhiteCountry "GER"]
[BlackCountry "POR"]
[PlyCount "85"]

1. Nf3 Nf6 2. b3 d6 3. d4 g6 4. Bb2 Bg7 5. g3 O-O 6. Bg2 Nbd7 7. O-O Nh5 8. e3
e5 9. c4 e4 10. Nfd2 f5 11. Nc3 c6 12. Ne2 g5 13. g4 fxg4 14. Nxe4 d5 15. cxd5
cxd5 16. N4g3 Ndf6 17. Qd3 Nxg3 18. hxg3 Re8 19. Nc3 Be6 20. Rac1 Bf7 21. Qf5
Bh6 22. Qd3 a6 23. Rfe1 Bg6 24. Qd1 Qd6 25. Bf1 Bg7 26. Bd3 Bxd3 27. Qxd3 Ne4
28. Nxe4 Rxe4 29. Qc3 Re7 30. Qc5 Qxc5 31. Rxc5 Rd8 32. Rec1 Red7 33. Rc7 Bf8
34. Kg2 Bd6 35. Rxd7 Rxd7 36. Kf1 h5 37. Rc8+ Kg7 38. e4 dxe4 39. d5+ Kh7 40.
Rh8+ Kg6 41. Rg8+ Kh6 42. Rh8+ Kg6 43. Rg8+ 1/2-1/2

[Event "I Taça Litoral"]
[Site "S Martinho Porto POR"]
[Date "2018.09.21"]
[Round "8.13"]
[White "Pais, Bruno"]
[Black "Sperber, Ulrich"]
[Result "1/2-1/2"]
[WhiteElo "1817"]
[BlackElo "1838"]
[WhiteFideId "1911341"]
[BlackFideId "24697125"]
[WhiteCountry "POR"]
[BlackCountry "GER"]
[PlyCount "72"]

1. d4 d5 2. c4 c6 3. Nf3 Nf6 4. e3 a6 5. Qc2 e6 6. Nc3 Nbd7 7. cxd5 cxd5 8. Bd3
Bd6 9. Bd2 O-O 10. O-O Re8 11. Rac1 Ra7 12. b3 b5 13. a4 b4 14. Ne2 a5 15. Bb5
Ba6 16. Qd3 Bxb5 17. Qxb5 Qb8 18. Qxb8 Bxb8 19. Rc6 Rc7 20. Rxc7 Bxc7 21. Rc1
Bb6 22. Rc6 Ne4 23. Ng3 Nxg3 24. hxg3 f6 25. g4 h6 26. Ne1 Kf7 27. Nd3 Ke7 28.
Nf4 Kf7 29. Kf1 g5 30. Nh5 Rb8 31. Be1 Rb7 32. f3 Rc7 33. Rxc7 Bxc7 34. Bg3 Bxg3
35. Nxg3 Kg6 36. Ne2 f5 1/2-1/2

[Event "I Taça Litoral"]
[Site "S Martinho Porto POR"]
[Date "2018.09.21"]
[Round "8.14"]
[White "Amato, Giampiero"]
[Black "Heil, Rudolf"]
[Result "1-0"]
[WhiteElo "2031"]
[BlackElo "1737"]
[WhiteFideId "813303"]
[BlackFideId "1271132"]
[WhiteCountry "ITA"]
[BlackCountry "GER"]
[PlyCount "25"]

1. d4 d5 2. Bg5 h6 3. Bh4 g5 4. Bg3 Bg7 5. Nc3 Nf6 6. f3 Bf5 7. e3 Nc6 8. Bd3
Bxd3 9. Qxd3 Qd7 10. O-O-O Nh5 11. Bf2 f5 12. g4 fxg4 13. Qg6+ 1-0

[Event "I Taça Litoral"]
[Site "S Martinho Porto POR"]
[Date "2018.09.21"]
[Round "8.15"]
[White "Hielscher, Ursula"]
[Black "Krüger, Till"]
[Result "1/2-1/2"]
[WhiteElo "1771"]
[BlackElo "1948"]
[WhiteFideId "4658965"]
[BlackFideId "24647705"]
[WhiteCountry "GER"]
[BlackCountry "GER"]
[PlyCount "71"]

1. d4 d6 2. c4 e5 3. dxe5 dxe5 4. Qxd8+ Kxd8 5. Nc3 c6 6. Nf3 f6 7. Be3 Be6 8.
Nd2 Nd7 9. Nce4 Nh6 10. Bxh6 gxh6 11. e3 a5 12. Be2 Be7 13. O-O Rg8 14. Kh1 Kc7
15. Nc3 Rad8 16. Nb3 b6 17. Rac1 Kb7 18. Rfd1 Ra8 19. Ne4 a4 20. Na1 f5 21. Nc3
Rgd8 22. Nc2 Nc5 23. f4 e4 24. Nd4 Bd7 25. b4 axb3 26. axb3 Na6 27. g4 Nc5 28.
gxf5 Bf6 29. b4 Nd3 30. Bxd3 exd3 31. Rxd3 Bxf5 32. Rdd1 Ra3 33. Nxf5 Rxc3 34.
Nxh6 Rxd1+ 35. Rxd1 Rxc4 36. Rd7+ 1/2-1/2

[Event "I Taça Litoral"]
[Site "S Martinho Porto POR"]
[Date "2018.09.21"]
[Round "8.16"]
[White "Kievelitz, Bernd"]
[Black "Dias, José"]
[Result "1-0"]
[WhiteElo "1842"]
[BlackElo "1622"]
[WhiteFideId "4602544"]
[BlackFideId "1923943"]
[WhiteCountry "GER"]
[BlackCountry "POR"]
[PlyCount "123"]

1. Nf3 e6 2. d4 f5 3. c4 c6 4. Nc3 Nf6 5. Bg5 Be7 6. e3 O-O 7. Bd3 Qe8 8. O-O d6
9. Qc2 Nbd7 10. e4 fxe4 11. Nxe4 Nxe4 12. Bxe4 g6 13. Bh6 Rf7 14. Rae1 Nf8 15.
d5 e5 16. c5 Bf5 17. cxd6 Bxd6 18. dxc6 Rc8 19. Bxf5 Rxf5 20. Qb3+ Qf7 21. Qxf7+
Kxf7 22. cxb7 Rb8 23. Ng5+ Kg8 24. Rd1 Be7 25. Bxf8 Bxg5 26. Ba3 Rxb7 27. Rfe1
h5 28. b3 Rbf7 29. f3 h4 30. Bb2 Bf4 31. Rd6 Kg7 32. Re6 R7f6 33. Bxe5 Rxe5 34.
R6xe5 Bxe5 35. Rxe5 Ra6 36. a4 Kf6 37. Re4 g5 38. Kf2 Rb6 39. b4 a6 40. g3 hxg3+
41. Kxg3 Kf5 42. Rc4 Kg6 43. f4 gxf4+ 44. Rxf4 Re6 45. b5 axb5 46. axb5 Rb6 47.
Rb4 Kg5 48. Kf3 Kf5 49. h4 Ke5 50. Kg4 Kf6 51. Kf4 Ke6 52. Ke4 Kd6 53. Kd4 Kc7
54. Rc4+ Kb7 55. Rc5 Rh6 56. h5 Kb8 57. Ke4 Kb7 58. Kf4 Rf6+ 59. Kg5 Rf8 60. h6
Rg8+ 61. Kh5 Kb6 62. Rg5 1-0

[Event "I Taça Litoral"]
[Site "S Martinho Porto POR"]
[Date "2018.09.21"]
[Round "8.17"]
[White "Dong, Rafael"]
[Black "Oster, Jean-Marie"]
[Result "1-0"]
[WhiteElo "1303"]
[BlackElo "1479"]
[WhiteFideId "1958038"]
[BlackFideId "638013"]
[WhiteCountry "POR"]
[BlackCountry "FRA"]
[PlyCount "101"]

1. c4 Nf6 2. g3 c5 3. Bg2 e6 4. Nf3 Nc6 5. Nc3 d5 6. cxd5 Nxd5 7. O-O Be7 8.
Nxd5 exd5 9. d4 c4 10. Bd2 O-O 11. Rc1 b5 12. Bf4 Be6 13. Ne5 Qb6 14. Nxc6 Qxc6
15. Qc2 Rac8 16. e4 a5 17. e5 b4 18. Be3 Rc7 19. f4 f5 20. Bd2 a4 21. Rf3 Rfc8
22. a3 bxa3 23. bxa3 Bxa3 24. Rxa3 Qb6 25. Bc3 Ra7 26. Rxa4 Rxa4 27. Qxa4 Rb8
28. Qa5 Qb5 29. Qxb5 Rxb5 30. Kf2 Rb3 31. Ke3 Ra3 32. Kd2 Kf7 33. Ra1 Rb3 34.
Bf3 Rb7 35. Ra5 Rd7 36. Bb4 g6 37. Bd6 Rb7 38. Kc2 Rb3 39. Bxd5 Bxd5 40. Rxd5
Ke6 41. Rc5 Rf3 42. Rxc4 Rf2+ 43. Kb3 Rxh2 44. Rc6 h5 45. Bb4+ Kd5 46. Rxg6 Kxd4
47. e6 h4 48. gxh4 Rxh4 49. e7 Rh3+ 50. Ka4 Re3 51. Rg8 1-0

[Event "I Taça Litoral"]
[Site "S Martinho Porto POR"]
[Date "2018.09.21"]
[Round "8.19"]
[White "Müller, Dieter"]
[Black "Oliveira, Fernando Alves"]
[Result "0-1"]
[WhiteElo "1632"]
[BlackElo "1586"]
[WhiteFideId "24699640"]
[BlackFideId "1947869"]
[WhiteCountry "GER"]
[BlackCountry "POR"]
[PlyCount "112"]

1. Nf3 Nf6 2. c4 d5 3. g3 d4 4. c5 Na6 5. Qa4+ c6 6. b4 Bg4 7. Bg2 Bxf3 8. Bxf3
e5 9. d3 Be7 10. Bg5 h6 11. Bxf6 Bxf6 12. Nd2 Nc7 13. Ne4 Be7 14. O-O O-O 15.
Qb3 Kh8 16. Nd2 Qd7 17. Nc4 Qf5 18. a4 Rab8 19. Qd1 Rfd8 20. Be4 Qe6 21. Qb3 f5
22. Bg2 Qf6 23. Rae1 b6 24. cxb6 axb6 25. e3 c5 26. b5 Ne8 27. Re2 Nd6 28. Rfe1
Nxc4 29. Qxc4 dxe3 30. Rxe3 Rd4 31. Qc2 Bd6 32. Qe2 Bc7 33. f4 exf4 34. Re8+ Kh7
35. Rxb8 Bxb8 36. Qe8 Rd8 37. Qe6 Qd4+ 38. Kh1 Qxd3 39. gxf4 Bxf4 40. Rf1 Rd6
41. Qf7 Rf6 42. Qa2 Qd6 43. h3 Qd3 44. Qb1 Qg3 45. Rxf4 Qxf4 46. a5 Qb4 47. Qxb4
cxb4 48. a6 b3 49. Bd5 b2 50. Ba2 Kg6 51. Bb1 Kg5 52. a7 Rf8 53. Kg2 Ra8 54. Kf3
Rxa7 55. Ke3 Ra1 56. Bd3 b1=Q 0-1

[Event "I Taça Litoral"]
[Site "S Martinho Porto POR"]
[Date "2018.09.21"]
[Round "8.20"]
[White "Fonseca, René Gil"]
[Black "Coimbra, João"]
[Result "1-0"]
[WhiteElo "1392"]
[BlackElo "1429"]
[WhiteFideId "1957767"]
[BlackFideId "1901435"]
[WhiteCountry "POR"]
[BlackCountry "POR"]
[PlyCount "153"]

1. e4 e6 2. Nf3 c6 3. d4 h6 4. c4 Qa5+ 5. Bd2 Qb6 6. b3 Ne7 7. c5 Qc7 8. Be2 d5
9. cxd6 Qxd6 10. O-O g6 11. e5 Qc7 12. Nc3 Nd7 13. Ne4 Nd5 14. Qe1 Be7 15. Rc1
a5 16. h4 Qb6 17. Nd6+ Bxd6 18. exd6 Qd8 19. Bd3 a4 20. Bxg6 Nf8 21. Bh5 Ng6 22.
Bxg6 fxg6 23. Qe5 Qf6 24. Rfe1 Bd7 25. Qxf6 Nxf6 26. Ne5 Rg8 27. Nxd7 Kxd7 28.
Bxh6 axb3 29. axb3 Ra5 30. Bg5 Nd5 31. Bd2 Ra2 32. Red1 Rga8 33. Bg5 R2a3 34.
Rd3 R8a6 35. Rf3 Rb6 36. Rf7+ Kxd6 37. Bf4+ Nxf4 38. Rxf4 Ke7 39. Rg4 Kf6 40.
Rf4+ Kg7 41. Re1 e5 42. dxe5 Raxb3 43. e6 Rb1 44. Rfe4 Rxe1+ 45. Rxe1 Kf8 46. g4
Rb4 47. f3 Ke7 48. Kf2 c5 49. Kg3 c4 50. h5 c3 51. h6 Rd4 52. h7 Rd8 53. Rc1 Rc8
54. Rxc3 Rh8 55. f4 Kxe6 56. Re3+ Kd7 57. Rb3 Kc7 58. Rc3+ Kb8 59. Re3 Rxh7 60.
Re6 Rg7 61. Kh4 Ka7 62. Kg5 Rc7 63. Kxg6 b5 64. f5 b4 65. f6 Rc4 66. g5 Rf4 67.
Re7+ Kb6 68. f7 b3 69. Re4 b2 70. Rxf4 b1=Q+ 71. Kg7 Qb2+ 72. Rf6+ Ka5 73. f8=Q
Qb7+ 74. Qf7 Qg2 75. Rf5+ Kb4 76. Qe7+ Kb3 77. Qe3+ 1-0

[Event "I Taça Litoral"]
[Site "S Martinho Porto POR"]
[Date "2018.09.21"]
[Round "8.21"]
[White "Dong, Fábio"]
[Black "Fernandes, Martim Bernardo"]
[Result "1-0"]
[WhiteElo "1289"]
[BlackElo "1092"]
[WhiteFideId "1958020"]
[BlackFideId "1960547"]
[WhiteCountry "POR"]
[BlackCountry "POR"]
[PlyCount "69"]

1. c4 c5 2. Nc3 Nc6 3. g3 g6 4. Bg2 Bg7 5. Nf3 Nf6 6. O-O O-O 7. d4 cxd4 8. Nxd4
Rb8 9. Bf4 d6 10. Bxc6 Nh5 11. Bg2 e5 12. Be3 exd4 13. Bxd4 Nf6 14. Bxa7 Ra8 15.
Bd4 Be6 16. b3 Qd7 17. Nd5 Nxd5 18. Bxd5 Bxd5 19. Bxg7 Kxg7 20. Qxd5 Qc6 21.
Qxc6 bxc6 22. Rfd1 Rad8 23. a4 Rfe8 24. e3 Re6 25. a5 d5 26. cxd5 cxd5 27. b4
Rb8 28. a6 Ra8 29. Rxd5 Rexa6 30. Rxa6 Rxa6 31. b5 Rb6 32. Kf1 Kf6 33. Ke2 Ke6
34. e4 f6 35. f3 1-0

[Event "I Taça Litoral"]
[Site "S Martinho Porto POR"]
[Date "2018.09.21"]
[Round "9.1"]
[White "Schmitz, Andreas"]
[Black "Ikkonikov, Vyacheslav"]
[Result "0-1"]
[WhiteElo "2008"]
[BlackElo "2551"]
[WhiteFideId "4609875"]
[BlackFideId "4100972"]
[WhiteTitle "CM"]
[BlackTitle "GM"]
[WhiteCountry "GER"]
[BlackCountry "RUS"]
[PlyCount "94"]

1. e4 c5 2. c3 Nf6 3. e5 Nd5 4. Bc4 Nb6 5. Bb3 c4 6. Bc2 Nc6 7. Nf3 d5 8. exd6
Qxd6 9. d3 Bf5 10. d4 Bxc2 11. Qxc2 g6 12. O-O Bg7 13. Bg5 O-O 14. Nbd2 h6 15.
Be3 f5 16. b3 f4 17. Ne4 Qd5 18. Bd2 g5 19. h3 Rac8 20. b4 Nd7 21. a4 e5 22. b5
exd4 23. bxc6 d3 24. Qa2 Rxc6 25. Rae1 Re8 26. Nexg5 Rxe1 27. Rxe1 hxg5 28. Rb1
b6 29. Rb5 Rc5 30. Rxc5 Nxc5 31. Nxg5 Qxg5 32. Qxc4+ Kh8 33. Bxf4 Qh5 34. f3 Qh4
35. Qf7 Qe1+ 36. Kh2 Qe6 37. Qh5+ Kg8 38. a5 Qf7 39. Qg4 Qd7 40. Qg5 Ne6 41. Qg4
bxa5 42. Be5 d2 43. Bxg7 d1=Q 44. Bd4+ Kf8 45. Qf5+ Ke8 46. Qh5+ Kd8 47. Qxa5+
Ke7 0-1

[Event "I Taça Litoral"]
[Site "S Martinho Porto POR"]
[Date "2018.09.21"]
[Round "9.2"]
[White "Grigore, George-Gabriel"]
[Black "Lochte, Thomas"]
[Result "1-0"]
[WhiteElo "2486"]
[BlackElo "2071"]
[WhiteFideId "1200186"]
[BlackFideId "4606272"]
[WhiteTitle "GM"]
[WhiteCountry "ROU"]
[BlackCountry "GER"]
[PlyCount "45"]

1. d4 Nf6 2. c4 e6 3. Nc3 Bb4 4. Qc2 d5 5. cxd5 exd5 6. Bg5 h6 7. Bh4 c5 8. dxc5
g5 9. Bg3 Ne4 10. e3 Qa5 11. Be5 O-O 12. Bd3 Nc6 13. Bxe4 Nxe5 14. Bxd5 Rd8 15.
e4 Bf5 16. O-O-O Bxc3 17. Qxc3 Qxc3+ 18. bxc3 Rac8 19. exf5 Rxc5 20. c4 b5 21.
Nf3 bxc4 22. Nxe5 Rcxd5 23. Nxc4 1-0

[Event "I Taça Litoral"]
[Site "S Martinho Porto POR"]
[Date "2018.09.21"]
[Round "9.3"]
[White "Sharma, Dinesh K"]
[Black "Pitschka, Claus"]
[Result "1/2-1/2"]
[WhiteElo "2276"]
[BlackElo "2262"]
[WhiteFideId "5004110"]
[BlackFideId "4617762"]
[WhiteTitle "IM"]
[BlackTitle "FM"]
[WhiteCountry "IND"]
[BlackCountry "GER"]
[PlyCount "29"]

1. e4 d6 2. d4 Nf6 3. Nc3 Nbd7 4. Nf3 e5 5. Bc4 Be7 6. O-O O-O 7. a4 c6 8. Re1
b6 9. h3 a6 10. b3 Bb7 11. Bb2 b5 12. Bf1 Re8 13. axb5 axb5 14. Rxa8 Qxa8 15.
Nb1 1/2-1/2

[Event "I Taça Litoral"]
[Site "S Martinho Porto POR"]
[Date "2018.09.21"]
[Round "9.4"]
[White "Schmitz, Manuela"]
[Black "van Riemsdijk, Herman"]
[Result "1/2-1/2"]
[WhiteElo "1931"]
[BlackElo "2270"]
[WhiteFideId "4626001"]
[BlackFideId "2100053"]
[WhiteTitle "WFM"]
[BlackTitle "IM"]
[WhiteCountry "GER"]
[BlackCountry "BRA"]
[PlyCount "30"]

1. d4 Nf6 2. Nf3 c5 3. e3 g6 4. c4 Bg7 5. Be2 O-O 6. O-O cxd4 7. Nxd4 Nc6 8. Nc3
d6 9. Bf3 Bd7 10. Nxc6 Bxc6 11. e4 Nd7 12. Be3 Qa5 13. Bd4 Qb4 14. Bxg7 Kxg7 15.
Qd4+ Ne5 1/2-1/2

[Event "I Taça Litoral"]
[Site "S Martinho Porto POR"]
[Date "2018.09.21"]
[Round "9.5"]
[White "Bous, Florian"]
[Black "Grüttner, Ralf"]
[Result "1/2-1/2"]
[WhiteElo "2019"]
[BlackElo "2133"]
[WhiteFideId "4660412"]
[BlackFideId "4638158"]
[WhiteCountry "GER"]
[BlackCountry "GER"]
[PlyCount "71"]

1. d4 Nf6 2. c4 c5 3. d5 b5 4. cxb5 a6 5. bxa6 Bxa6 6. Nc3 g6 7. g3 d6 8. Bg2
Bg7 9. Nf3 Nbd7 10. Rb1 O-O 11. O-O Qa5 12. Bd2 Bb7 13. b3 Qa7 14. e4 Ba6 15.
Re1 Ng4 16. h3 Nge5 17. a4 Nd3 18. Re2 Rfb8 19. Kh2 Nb4 20. Re1 Bd3 21. Rc1 Ne5
22. Nxe5 Bxe5 23. Bf1 c4 24. Be3 Qa5 25. bxc4 Bxf1 26. Rxf1 Bxc3 27. Rxc3 Nxd5
28. Ra3 Nxe3 29. Rxe3 Qxa4 30. e5 Qxc4 31. exd6 exd6 32. Re7 Re8 33. Rfe1 Rxe7
34. Rxe7 Rf8 35. Qxd6 h5 36. h4 1/2-1/2

[Event "I Taça Litoral"]
[Site "S Martinho Porto POR"]
[Date "2018.09.21"]
[Round "9.6"]
[White "Osianu, Tudor"]
[Black "Simões, Miguel"]
[Result "1/2-1/2"]
[WhiteElo "1978"]
[BlackElo "1805"]
[WhiteFideId "1212486"]
[BlackFideId "1946307"]
[WhiteCountry "ROU"]
[BlackCountry "POR"]
[PlyCount "78"]

1. Nf3 Nf6 2. d3 g6 3. g3 Bg7 4. Bg2 O-O 5. c3 d5 6. Qc2 b6 7. e4 Bb7 8. Nbd2
Na6 9. O-O c5 10. Re1 e6 11. a4 Rc8 12. Nf1 Qc7 13. Bf4 Qe7 14. Bg5 h6 15. Bf4
Rfd8 16. exd5 Nxd5 17. Bd2 Rc7 18. Ne3 Nxe3 19. Bxe3 Rcd7 20. Rad1 Qf6 21. Nh4
Bxg2 22. Nxg2 Qf5 23. Nh4 Qd5 24. d4 g5 25. Ng2 Qf5 26. Qe2 cxd4 27. cxd4 Nb4
28. Rd2 Bxd4 29. Red1 Qc5 30. h4 Rd5 31. hxg5 hxg5 32. Bxd4 Rxd4 33. Rxd4 Rxd4
34. Rxd4 Qxd4 35. Qb5 Nd5 36. Ne3 Kg7 37. a5 bxa5 38. Qxa5 Nxe3 39. Qxg5+ Kh7
1/2-1/2